000 00412nam a2200181Ia 4500
005 20240823040226.0
008 240823s9999||||xx |||||||||||||| ||und||
041 _aTAMIL
082 _A894.8115 P9
100 _aMuthiah P L
245 0 _aRajaji Uthirtha Muthukal
250 _a1st
260 _c2009
_bKannappan Pathip
500 _aDISPLAY
650 _aGeneral
_bGeneral
942 _cBK
999 _c202588
_d202588